Le Mal : Prépas scientifiques - Programme 2010-2011 (notice n° 1925950)
[ vue normale ]
| 000 -LEADER | |
|---|---|
| fixed length control field | 01381cam a2200145 4500500 |
| 005 - DATE AND TIME OF LATEST TRANSACTION | |
| control field | 20260329023252.0 |
| 041 ## - LANGUAGE CODE | |
| Language code of text/sound track or separate title | fre |
| 042 ## - AUTHENTICATION CODE | |
| Authentication code | dc |
| 100 10 - MAIN ENTRY--PERSONAL NAME | |
| Personal name | Farago, France |
| Relator term | author |
| 245 00 - TITLE STATEMENT | |
| Title | Le Mal : Prépas scientifiques - Programme 2010-2011 |
| 260 ## - PUBLICATION, DISTRIBUTION, ETC. | |
| Name of publisher, distributor, etc. | Armand Colin,<br/> |
| Date of publication, distribution, etc. | 2010.<br/> |
| 520 ## - SUMMARY, ETC. | |
| Summary, etc. | LE MALWilliam Shakespeare,MacbethJean-Jacques Rousseau, Profession de foi du vicaire savoyardJean Giono, Les Âmes fortesCet ouvrage a été conçu de manière à permettre aux élèves des classes préparatoires aux Grandes Écoles Scientifiques de maîtriser parfaitement, et dans les meilleurs délais, à la fois les pratiques (comment construire sa réflexion et la présenter en bonne adéquation avec ce qui est attendu du candidat), le savoir (quelles sont les lignes de force de la réflexion sur le mal, que faut-il retenir des œuvres au programme) et les exigences de performance personnelle (comment faire la différence…) pour réussir l’épreuve de français / philo des concours.Dans l’ordre:1. Étude générale du thème2. Résumé/analyse des 3 œuvres3. Bilan comparatif de l’analyse des 3 œuvres4. Méthodologie (dissertation, résumé, épreuves orales)5. Dissertations et résumés intégralement rédigés |
| 700 10 - ADDED ENTRY--PERSONAL NAME | |
| Personal name | Lamotte, Christine |
| Relator term | author |
| 856 41 - ELECTRONIC LOCATION AND ACCESS | |
| Uniform Resource Identifier | <a href="https://shs.cairn.info/le-mal--9782200350192?lang=fr&redirect-ssocas=7080">https://shs.cairn.info/le-mal--9782200350192?lang=fr&redirect-ssocas=7080</a> |
Pas d'exemplaire disponible.




Réseaux sociaux